000 00843aam a2200313 4500
005 20260302163932.0
008 150420b2007 xxu||||| |||| 00| 0 spa d
020 _a9789506794132
041 _aESP
082 _a364.1 AM481a
100 _aAmadeo, Sebastián José
_934135
245 _aLa acción de la teoría del delito
260 _aArgentina
260 _bEditorial Universidad
260 _c2007
300 _a192 páginas
490 _aInvestigación Criminal
650 _aDELITOS
650 _aTEORÍA DEL DELITO
650 _aMODELOS EXPLICATIVOS
650 _aCONCEPCIONES PRECLÁSICAS
650 _aMODELO CAUSALISTA
650 _aMODELO FINALISTA
650 _aCONCEPCIÓN HEGELIANA
650 _aCONCEPCIONES SOCIALES
650 _aMODELOS FUNCIONALISTAS
650 _aDERECHO PENAL
942 _cBK
_2ddc
999 _c4801
_d4801